书目信息 |
| 题名: |
美国总统演讲集萃
|
|
| 作者: | 孙毅兵 , 卞建华 主编 | |
| 分册: | ||
| 出版信息: | 天津 天津科学技术出版社 2005.07 |
|
| 页数: | 4, 419页 | |
| 开本: | 21cm | |
| 丛书名: | 英语精彩演讲文库 | |
| 单 册: | ||
| 中图分类: | D771.209 | |
| 科图分类: | ||
| 主题词: | 总统--zong tong--演讲--选集--英、汉--美国 | |
| 电子资源: | ||
| ISBN: | 7-5308-3834-2 | |
| 000 | 01051nam 2200265 450 | |
| 001 | 0163110750 | |
| 005 | 20051014154958.49 | |
| 010 | @a7-5308-3834-2@dCNY20.00 | |
| 100 | @a20050415d2005 km y0chiy0120 ea | |
| 101 | 0 | @achi@aeng |
| 102 | @aCN@b120000 | |
| 105 | @aa z 000yy | |
| 200 | 1 | @a美国总统演讲集萃@Amei guo zong tong yan jiang ji cui@f孙毅兵, 卞建华主编@Fsun yi bing,bian jian hua zhu bian |
| 210 | @a天津@c天津科学技术出版社@d2005.07 | |
| 215 | @a4, 419页@c图@d21cm | |
| 225 | 2 | @a英语精彩演讲文库@Aying yu jing cai yan jiang wen ku |
| 330 | @a本书是一部美国总统演讲的文集,该书集中了自美国成立以来最重要的美国总统演说,其中有美国总统的就职演说、连任演说、卸职演说、在重大事件发生时的演说以及到我国访问时发表的演说等等。 | |
| 333 | @a英语爱好者和英语学习者。 | |
| 410 | 0 | @12001 @a英语精彩演讲文库 |
| 606 | 0 | @a总统@Azong tong@x演讲@x选集@x英、汉@y美国 |
| 690 | @aD771.209@v4 | |
| 701 | 0 | @a孙毅兵@Asun yi bing@4主编 |
| 701 | 0 | @a卞建华@Abian jian hua@4主编 |
| 801 | 0 | @aCN@bQSSK@c20051014 |
| 905 | @a10447@dD771.209@eS970 | |
| 美国总统演讲集萃/孙毅兵, 卞建华主编.-天津:天津科学技术出版社,2005.07 |
| 4, 419页:图;21cm.-(英语精彩演讲文库) |
| 使用对象:英语爱好者和英语学习者。 |
| ISBN 7-5308-3834-2:CNY20.00 |
| 本书是一部美国总统演讲的文集,该书集中了自美国成立以来最重要的美国总统演说,其中有美国总统的就职演说、连任演说、卸职演说、在重大事件发生时的演说以及到我国访问时发表的演说等等。 |
| ● |
| 相关链接 |
|
|
|
正题名:美国总统演讲集萃
索取号:D771.209/S970
 
预约/预借
| 序号 | 登录号 | 条形码 | 馆藏地/架位号 | 状态 | 备注 |
| 1 | 460984 | 204609842 | 社科库509/509社科库 78排3列4层/ [索取号:D771.209/S970] | 在馆 | |
| 2 | 568122 | 205681225 | 社科库509/509社科库 78排3列4层/ [索取号:D771.209/S970] | 在馆 | |
| 3 | 568123 | 205681234 | 社科库509/ [索取号:D771.209/S970] | 在馆 | |
| 4 | 568124 | 205681243 | 社科库509/409社科库 79排1列4层/ [索取号:D771.209/S970] | 在馆 |